000 00602nam a2200205 4500
008
049 _aMAIN
090 _aRC659
_bBET
100 1 _aBethune, John E.
245 1 4 _aThe adrenal cortex: a SCOPE monograph/
_c[by] John E. Bethune
260 _aKalamazoo, Michigan :
_bUpjohn Company,
_c1974.
300 _a68 p.
_bill. (chiefly col.)
_c29 cm.
650 0 _aAdrenal cortex.
650 0 _aAdrenal cortex
_xDiseases.
907 _a.b10394199
_b29-10-18
_c29-10-18
003
005 20230120204231.0
040 _cNUST
942 _cBOOKS
_kRC659
_mBET
999 _c119548
_d119548